书目信息 |
| 题名: |
无人机系统光电载荷技术
|
|
| 作者: | 贾平 编著 | |
| 分册: | ||
| 出版信息: | 北京 国防工业出版社 2019.12 |
|
| 页数: | 14, 402页 | |
| 开本: | 24cm | |
| 丛书名: | 无人系统科学与技术丛书 | |
| 单 册: | ||
| 中图分类: | V279 | |
| 科图分类: | ||
| 主题词: | 无人驾驶飞机--wu ren jia shi fei ji--飞行载荷 | |
| 电子资源: | ||
| ISBN: | 978-7-118-11844-5 | |
| 000 | 01416nam 2200289 450 | |
| 001 | 0109110216 | |
| 005 | 20201109110339.0 | |
| 010 | @a978-7-118-11844-5@dCNY118.00 | |
| 100 | @a20200713d2019 em y0chiy50 ea | |
| 101 | 0 | @achi |
| 102 | @aCN@b110000 | |
| 105 | @aak az 000yy | |
| 106 | @ar | |
| 200 | 1 | @a无人机系统光电载荷技术@Awu ren ji xi tong guang dian zai he ji shu@dPhotoeletric payload technology for unmanned aerial system@f贾平等编著@zeng |
| 210 | @a北京@c国防工业出版社@d2019.12 | |
| 215 | @a14, 402页@c图@d24cm | |
| 225 | 2 | @a无人系统科学与技术丛书@Awu ren xi tong ke xue yu ji shu cong shu |
| 300 | @a“十三五”国家重点出版物出版规划项目 | |
| 320 | @a有书目 | |
| 330 | @a本书主要围绕无人机到无人机系统及其相应配套光电载荷的发展进行探讨,在无人机系统方面,通过多个可能的未来无人机系统的协同工作模式强调了无人机系统顶层设计的重要性,建议尽早规范国内的军用无人机市场,制订相关的无人机规范;在光电载荷方面,介绍了其中主流传感器形式随无人机系统发展的相应变化,总结了UAS所要求的高性能、多用途、多光谱/超光谱、通用及开放架构、智能化、小型化等发展趋势,并简单介绍了各自采用的技术手段。 | |
| 461 | 0 | @12001 @a无人系统科学与技术丛书 |
| 510 | 1 | @aPhotoeletric payload technology for unmanned aerial system@zeng |
| 606 | 0 | @a无人驾驶飞机@Awu ren jia shi fei ji@x飞行载荷 |
| 690 | @aV279@v5 | |
| 701 | 0 | @a贾平@Ajia ping@4编著 |
| 801 | 0 | @aCN@bBJSZM@c20201103 |
| 905 | @b1240744-6@dV279@e59@f3 | |
| 无人机系统光电载荷技术=Photoeletric payload technology for unmanned aerial system/贾平等编著.-北京:国防工业出版社,2019.12 |
| 14, 402页:图;24cm.-(无人系统科学与技术丛书) |
| “十三五”国家重点出版物出版规划项目 |
| ISBN 978-7-118-11844-5:CNY118.00 |
| 本书主要围绕无人机到无人机系统及其相应配套光电载荷的发展进行探讨,在无人机系统方面,通过多个可能的未来无人机系统的协同工作模式强调了无人机系统顶层设计的重要性,建议尽早规范国内的军用无人机市场,制订相关的无人机规范;在光电载荷方面,介绍了其中主流传感器形式随无人机系统发展的相应变化,总结了UAS所要求的高性能、多用途、多光谱/超光谱、通用及开放架构、智能化、小型化等发展趋势,并简单介绍了各自采用的技术手段。 |
| ● |
| 相关链接 |
|
|
|
|
正题名:无人机系统光电载荷技术
索取号:V279/59
 
预约/预借
| 序号 | 登录号 | 条形码 | 馆藏地/架位号 | 状态 | 备注 |
| 1 | 1240744 | 212407448 | 第二样本阅览室/ [索取号:V279/59] | 在馆 | |
| 2 | 1240745 | 212407457 | 第三借阅区/ [索取号:V279/59] | 在馆 | |
| 3 | 1240746 | 212407466 | 第三借阅区/ [索取号:V279/59] | 在馆 |